00677nam a2200193Ia 4500008004100000040001800041041000800059100002000067245007800087250001200165260003900177300002100216490003700237504006500274650002500339651002900364651002300393765006700416130821s1973 sp gr spa  aCo-BoUCMbspa aspa1 aBertaux, Pierre00aÁfrica desde la prehistoria hasta los estados actualescPierre Bertaux a2a. ed. aMadrid (España)bSiglo XXIc1973 ax, 359 páginas aHistoria Universal Siglo XXIv32 aIncluye bibliografía e índice alfabético y de figuras.04aHistoria de África 7aÁfricaxCivilización 7aÁfricaxHistoria tAfrika. Von der vorgeschichte bis zu den staaten der gegenwart